LEADER 01216nam a2200265 4500 001 000000350321 003 CaOOAMICUS 005 20220517103951.0 008 220517s2021 it 000 u ita r 020 $a978-88-343-4194-0 040 $aSeMil$bita 100 1 $aMcGinn, Bernard,$d<1937- >.$0(OLS)http://semarc/name/3454 240 10$aThomas Aquinas's «Summa theologiae» :$ba biography.$0(OLS)http://semarc/title/440020 245 13$aLa Summa theologiae di Tommaso d'Aquino :$buna biografia /$cBernard McGinn. 264 1$aMilano :$bVita e Pensiero,$c2021. 300 $a176 p. ;$c22 cm 490 1 $aCultura e storia ;$v38 650 4$aTommaso : d'Aquino . Summa theologiae.$0(OLS)http://semarc/subject/340 830 0$aCultura e storia ;$v38.$0(OLS)http://semarc/title/6933 850 $aSeMil 852 $aSeMil$W1$xVenegono$y1$m2P III 896$j232712$B241370$CSeMilBibl$Z2$F241370 $81 996 $6020$a978-88-343-4194-0$9(OLS)http://semarc/number/295894 996 $6245$aLa Summa theologiae di Tommaso d'Aquino :$buna biografia$9(OLS)http://semarc/title/440021 996 $6264$aMilano :$bVita e Pensiero$9(OLS)http://semarc/publisher/29642 LEADER 00991nam a2200229 i 4500 001 000000256029 003 CaOOAMICUS 005 20171102000000.0 008 171102s1904 it u000 u ita u 013 $a234937 040 $aSeMil$bita 100 1 $aManfredini, Achille <1869-1920>.$0(OLS)http://semarc/name/94619 245 13$aLa riforma della facciata del Duomo di Milano /$cIng. Achille Manfredini. 260 $aMilano :$bIl Monitore tecnico,$c1904. 300 $a[20] p. :$bill. ;$c35 cm. 500 $aEstratto da: Il monitore tecnico, A. 10., n. 29. 650 4$aMilano - Duomo.$0(OLS)http://semarc/subject/2739 650 4$aMilano - Duomo - Facciata.$0(OLS)http://semarc/subject/44668 850 $aSeMil 852 $aSeMil$W1$xVenegono$y1$m3O VI 90/22 FA$j206375$B206375$CSeMilBibl$Z2$F219716 $8I 996 $6245$aLa riforma della facciata del Duomo di Milano$9(OLS)http://semarc/title/412045 996 $6260$aMilano :$bIl Monitore tecnico$9(OLS)http://semarc/publisher/57631